书目信息 |
| 题名: |
世界经典战役
|
|
| 作者: | 张卉妍 编著 | |
| 分册: | ||
| 出版信息: | 北京 中国华侨出版社 2016 |
|
| 页数: | 369页 | |
| 开本: | 25cm | |
| 丛书名: | ||
| 单 册: | ||
| 中图分类: | E19 | |
| 科图分类: | ||
| 主题词: | 战役--世界--史料 | |
| 电子资源: | ||
| ISBN: | 978-7-5113-6125-7 | |
| 000 | 00843nam0 2200241 450 | |
| 001 | 012001005211 | |
| 005 | 20141008090921.0 | |
| 010 | @a978-7-5113-6125-7@dCNY59.00 | |
| 100 | @a20170215d2016 em y0chiy50 ea | |
| 101 | 0 | @achi |
| 102 | @aCN@b110000 | |
| 105 | @aa z 000yy | |
| 106 | @ar | |
| 200 | 1 | @a世界经典战役@9shi jie jing dian zhan yi@f张卉妍编著 |
| 210 | @a北京@c中国华侨出版社@d2016 | |
| 215 | @a369页@c彩图@d25cm | |
| 300 | @a超值全彩悦读馆 | |
| 330 | @a本书汇集了从古至今200多场世界经典战役,再现了3000多年间不同年代、不同国家和地区所经历的血与火的洗礼,详细叙述了每场战役爆发的背景,讲解战役的过程,介绍战争双方在战役中的军队部署、战术运用、智慧得失。 | |
| 606 | 0 | @a战役@y世界@j史料 |
| 690 | @aE19@v5 | |
| 701 | 0 | @a张卉妍@9zhang hui yan@4编著 |
| 801 | 0 | @aCN@b上海新华@c20180901 |
| 905 | @b1173148-51@dE19@e106@f4 | |
| 世界经典战役/张卉妍编著.-北京:中国华侨出版社,2016 |
| 369页:彩图;25cm |
| 超值全彩悦读馆 |
| ISBN 978-7-5113-6125-7:CNY59.00 |
| 本书汇集了从古至今200多场世界经典战役,再现了3000多年间不同年代、不同国家和地区所经历的血与火的洗礼,详细叙述了每场战役爆发的背景,讲解战役的过程,介绍战争双方在战役中的军队部署、战术运用、智慧得失。 |
| ● |
| 相关链接 |
|
|
|
|
正题名:世界经典战役
索取号:E19/106
 
预约/预借
| 序号 | 登录号 | 条形码 | 馆藏地/架位号 | 状态 | 备注 |
| 1 | 1173148 | 211731483 | 第一样本阅览室/ [索取号:E19/106] | 在馆 | |
| 2 | 1173149 | 211731492 | 密集书库-资源管理系/ [索取号:E19/106] | 在馆 | |
| 3 | 1173150 | 211731508 | 第一借阅区/ [索取号:E19/106] | 在馆 | |
| 4 | 1173151 | 211731517 | 第一借阅区/ [索取号:E19/106] | 在馆 |